[Event "Simferopol Crimea Autumn"]
[Site "Simferopol"]
[Date "2013.11.16"]
[Round "5"]
[White "Ajrapetjan, Yuriy"]
[Black "Alexeev, Alexey"]
[Result "1-0"]
[WhiteElo "2502"]
[BlackElo "2316"]
[PlyCount "61"]
[EventDate "2013.11.13"]
[EventType "tourn"]
[EventRounds "10"]
[EventCountry "UKR"]
[EventCategory "8"]
[SourceTitle "CBM 157 Extra"]
[Source "ChessBase"]
[SourceDate "2013.12.19"]
[SourceVersion "1"]
[SourceVersionDate "2013.12.19"]
[SourceQuality "1"]

1. d4 Nf6 2. Bg5 Ne4 3. Bf4 d5 4. e3 c5 5. c3 Nc6 6. Nd2 Nxd2 7. Qxd2 Bf5 8. Nf3 e6 9. Be2 Bd6 10. Bg3 0-0 11. Nh4 Be4 12. f3 Be7 13. fxe4 Bxh4 14. exd5 Bxg3+ 15. hxg3 Qxd5 16. Bf3 Qd6 17. 0-0-0 Rad8 18. Rh5 cxd4 19. exd4 h6 20. g4 f6 21. Qe3 Rfe8 22. Qe4 Qc7 23. Kb1 Qf7 24. Be2 f5 25. Qf3 Rf8 26. g5 hxg5 27. Rxg5 e5 28. Rh1 Na5 29. Qh3 Qf6 30. Qh7+ Kf7 31. Rxf5 1-0

[Event "EU-ch 14th"]
[Site "Legnica"]
[Date "2013.05.11"]
[Round "7"]
[White "Cheparinov, Ivan"]
[Black "Ajrapetjan, Yuriy"]
[Result "0-1"]
[WhiteElo "2700"]
[BlackElo "2498"]
[PlyCount "80"]
[EventDate "2013.05.05"]
[EventType "swiss"]
[EventRounds "11"]
[EventCountry "POL"]
[SourceTitle "CBM 155"]
[Source "ChessBase"]
[SourceDate "2013.07.16"]
[SourceVersion "1"]
[SourceVersionDate "2013.07.16"]
[SourceQuality "1"]

1. e4 g6 2. d4 Bg7 3. Nc3 c6 4. Be3 d6 5. h3 Nd7 6. Nf3 e5 7. Qd2 Ngf6 8. dxe5 dxe5 9. 0-0-0 Qe7 10. a4 0-0 11. Qd6 Qxd6 12. Rxd6 Re8 13. Bc4 Bf8 14. Rd2 Bb4 15. Ng5 Re7 16. Rhd1 h6 17. Nf3 Bxc3 18. bxc3 Nxe4 19. Rd3 Kg7 20. Bb3 Nec5 21. Rd6 Ne4 22. R6d3 b6 23. Nd2 Ndc5 24. Nxe4 Nxe4 25. f3 Ng5 26. Rd8 Ne6 27. R8d6 c5 28. a5 bxa5 29. R1d5 Nf4 30. Bxf4 exf4 31. Rd8 a4 32. Bxa4 Be6 33. Rxa8 Bxd5 34. Rc8 Re2 35. Rxc5 Be6 36. Rc7 Rxg2 37. Bc6 Kf6 38. Be4 Bxh3 39. c4 h5 40. c5 h4 0-1

[Event "EU-ch 14th"]
[Site "Legnica"]
[Date "2013.05.06"]
[Round "2"]
[White "Gaehwiler, Gabriel"]
[Black "Ajrapetjan, Yuriy"]
[Result "0-1"]
[WhiteElo "2288"]
[BlackElo "2498"]
[PlyCount "58"]
[EventDate "2013.05.05"]
[EventType "swiss"]
[EventRounds "11"]
[EventCountry "POL"]
[SourceTitle "CBM 155"]
[Source "ChessBase"]
[SourceDate "2013.07.16"]
[SourceVersion "1"]
[SourceVersionDate "2013.07.16"]
[SourceQuality "1"]

1. Nf3 d5 2. c4 d4 3. b4 Bg4 4. g3 d3 5. Bg2 Nc6 6. 0-0 e5 7. exd3 Qxd3 8. Qb3 Qxb3 9. axb3 Bxb4 10. Ra4 a5 11. Nc3 Nge7 12. Nd5 Nxd5 13. cxd5 Bxf3 14. dxc6 Bxg2 15. Kxg2 b5 16. Ra2 0-0-0 17. Ba3 Bxd2 18. Rd1 Bc3 19. Rc1 Rd3 20. Bc5 Kb8 21. Ra3 Rhd8 22. Rc2 R8d5 23. b4 Bxb4 24. Bxb4 axb4 25. Rxd3 Rxd3 26. Rc5 Rc3 27. Rxb5+ Kc8 28. Rxb4 Rxc6 29. Rb5 f6 0-1

[Event "EU-ch 14th"]
[Site "Legnica"]
[Date "2013.05.05"]
[Round "1"]
[White "Ajrapetjan, Yuriy"]
[Black "Areshchenko, Alexander"]
[Result "0-1"]
[WhiteElo "2498"]
[BlackElo "2709"]
[PlyCount "78"]
[EventDate "2013.05.05"]
[EventType "swiss"]
[EventRounds "11"]
[EventCountry "POL"]
[SourceTitle "CBM 155"]
[Source "ChessBase"]
[SourceDate "2013.07.16"]
[SourceVersion "1"]
[SourceVersionDate "2013.07.16"]
[SourceQuality "1"]

1. d4 Nf6 2. c4 g6 3. Nc3 d5 4. Bg5 Ne4 5. Bh4 Nxc3 6. bxc3 dxc4 7. e3 Be6 8. Nf3 Bg7 9. Be2 Nd7 10. Ng5 Bd5 11. e4 h6 12. exd5 hxg5 13. Bxg5 Nb6 14. Bxc4 Nxc4 15. Qa4+ c6 16. Qxc4 cxd5 17. Qb5+ Qd7 18. Rb1 b6 19. Kd2 Rc8 20. h4 Rc6 21. Rh3 0-0 22. Re1 e5 23. dxe5 d4 24. Rd3 dxc3+ 25. Kc2 Qc8 26. f4 Rc5 27. Qb3 Qc6 28. Re2 Re8 29. g4 a5 30. a4 b5 31. axb5 Rxb5 32. Rxc3 Qb7 33. Qa2 Rb8 34. Qc4 Rb2+ 35. Kd1 Qh1+ 36. Re1 Rb1+ 37. Rc1 Qf3+ 38. Re2 R8b2 39. Rxb1 Qf1+ 0-1

[Event "Chigorin Memorial 20th"]
[Site "St Petersburg"]
[Date "2012.11.02"]
[Round "7"]
[White "Biriukov, Oleg V"]
[Black "Ajrapetjan, Yuriy"]
[Result "1/2-1/2"]
[WhiteElo "2327"]
[BlackElo "2502"]
[PlyCount "156"]
[EventDate "2012.10.27"]
[EventType "swiss"]
[EventRounds "9"]
[EventCountry "RUS"]
[SourceTitle "EXT 2013"]
[Source "ChessBase"]
[SourceDate "2012.11.22"]
[SourceVersion "1"]
[SourceVersionDate "2012.11.22"]
[SourceQuality "1"]

1. d4 Nf6 2. c4 e6 3. Nc3 Bb4 4. Qc2 0-0 5. a3 Bxc3+ 6. Qxc3 b6 7. Bg5 Bb7 8. f3 h6 9. Bh4 d5 10. e3 Re8 11. Nh3 Nbd7 12. cxd5 exd5 13. Be2 Qe7 14. Bf2 c5 15. 0-0 cxd4 16. Qxd4 Nc5 17. Rad1 Rac8 18. b4 Ne6 19. Qb2 g5 20. Rfe1 Nd7 21. Bb5 Red8 22. Bg3 Qf6 23. Qxf6 Nxf6 24. Be5 Nd7 25. Bb2 Rc2 26. Re2 Rxe2 27. Bxe2 Rc8 28. Rd2 Rc7 29. Nf2 f6 30. Ng4 Kg7 31. Bb5 Nef8 32. h4 gxh4 33. f4 a6 34. Bd3 h5 35. Nh2 d4 36. Bxd4 Rc1+ 37. Nf1 b5 38. Kf2 Ne6 39. Bb2 Rc7 40. Bf5 Kf7 41. Nh2 Ke7 42. Rc2 Rxc2+ 43. Bxc2 Nb6 44. Nf3 Nc4 45. Bc1 Bxf3 46. Kxf3 Nc7 47. Ke4 Nd6+ 48. Kd4 Ne6+ 49. Kd5 Kd7 50. Bg6 Ng7 51. Bb2 Ngf5 52. Bxf5+ Nxf5 53. Bc1 Ne7+ 54. Kc5 f5 55. Bb2 Ke6 56. Bc3 Nc8 57. Be5 Ne7 58. Bd4 Nc8 59. Be5 Kd7 60. Bf6 Nd6 61. Bxh4 Nc4 62. a4 Nxe3 63. axb5 axb5 64. g3 Kc7 65. Kxb5 Kb7 66. Kc5 Kc7 67. Kd4 Nf1 68. Ke5 Ne3 69. Be7 Nf1 70. Kxf5 Nxg3+ 71. Kg5 Kd7 72. Bc5 Ke6 73. Kh4 Ne4 74. Kxh5 Kf5 75. Be3 Nf6+ 76. Kh4 Nd5 77. b5 Ke4 78. Bc1 Kd4 1/2-1/2

[Event "Chigorin Memorial 20th"]
[Site "St Petersburg"]
[Date "2012.10.29"]
[Round "3"]
[White "Melnikov, Dmitry"]
[Black "Ajrapetjan, Yuriy"]
[Result "1-0"]
[WhiteElo "2292"]
[BlackElo "2502"]
[PlyCount "115"]
[EventDate "2012.10.27"]
[EventType "swiss"]
[EventRounds "9"]
[EventCountry "RUS"]
[SourceTitle "EXT 2013"]
[Source "ChessBase"]
[SourceDate "2012.11.22"]
[SourceVersion "1"]
[SourceVersionDate "2012.11.22"]
[SourceQuality "1"]

1. e4 e5 2. Nf3 Nc6 3. d4 exd4 4. c3 d5 5. exd5 Qxd5 6. cxd4 Bg4 7. Be2 Bb4+ 8. Nc3 Bxf3 9. Bxf3 Qc4 10. Bxc6+ Qxc6 11. 0-0 Ne7 12. Qb3 a5 13. a3 Bxc3 14. bxc3 a4 15. Qb4 Nd5 16. Re1+ Kd7 17. Qb1 g6 18. Bd2 Qc4 19. Qe4 Rae8 20. Qf3 f5 21. g4 f4 22. Re5 Rxe5 23. dxe5 Ke6 24. Re1 Rf8 25. Re4 Qa2 26. Rd4 c5 27. Rd3 Qc4 28. Be1 Kxe5 29. Qe2+ Kd6 30. f3 Rf6 31. Qe4 b5 32. Bd2 g5 33. Qxh7 Kc6 34. h4 gxh4 35. g5 Re6 36. Qg8 Nc7 37. Qd8 Qa2 38. Rd7 Nd5 39. Rxd5 Qxd5 40. Qa8+ Kd6 41. Bxf4+ Re5 42. Qa6+ Kc7 43. Qxb5 Kc8 44. Qa6+ Kd7 45. Qxa4+ Kd8 46. Bxe5 Qxe5 47. Qxh4 Qxc3 48. g6+ Ke8 49. Qe4+ Kf8 50. f4 Kg7 51. Qe5+ Qxe5 52. fxe5 Kxg6 53. a4 c4 54. Kf2 Kf5 55. a5 Kxe5 56. a6 c3 57. Ke3 Kd5 58. a7 1-0

[Event "Pan-Armenian ol"]
[Site "Yerevan"]
[Date "2010.08.21"]
[Round "7"]
[White "Arutyunova, Diana"]
[Black "Ajrapetjan, Yuriy"]
[Result "0-1"]
[WhiteElo "2270"]
[BlackElo "2495"]
[PlyCount "82"]
[EventDate "2010.08.15"]
[EventType "swiss"]
[EventRounds "9"]
[EventCountry "ARM"]
[SourceTitle "CBM 138 Extra"]
[Source "ChessBase"]
[SourceDate "2010.10.29"]
[SourceVersion "1"]
[SourceVersionDate "2010.10.29"]
[SourceQuality "1"]

1. e4 g6 2. d4 Bg7 3. Nc3 c5 4. Nf3 Qa5 5. Bd2 cxd4 6. Nd5 Qd8 7. Bg5 Nc6 8. Bh4 d6 9. Bb5 Qa5+ 10. b4 Qd8 11. Nxd4 Bd7 12. c3 Nxd4 13. Bxd7+ Qxd7 14. cxd4 e6 15. Nc3 Ne7 16. Qd2 0-0 17. 0-0 Rfc8 18. Rac1 Rc4 19. Nb5 Qxb5 20. Rxc4 Qxc4 21. Rc1 Qxd4 22. Qxd4 Bxd4 23. Bxe7 d5 24. exd5 exd5 25. g3 Be5 26. f4 Re8 27. fxe5 Rxe7 28. Rc5 Rxe5 29. Kf2 Kf8 30. Rc7 Re7 31. Rc8+ Kg7 32. Rc5 d4 33. a4 d3 34. Rd5 Re4 35. Rxd3 Rxb4 36. Rd7 Rxa4 37. Rxb7 Ra2+ 38. Kf3 Rxh2 39. Rxa7 h5 40. Rb7 h4 41. g4 g5 0-1

[Event "Pan-Armenian ol"]
[Site "Yerevan"]
[Date "2010.08.18"]
[Round "4"]
[White "Ajrapetjan, Yuriy"]
[Black "Airapetian, Gor"]
[Result "1/2-1/2"]
[WhiteElo "2495"]
[BlackElo "2436"]
[PlyCount "59"]
[EventDate "2010.08.15"]
[EventType "swiss"]
[EventRounds "9"]
[EventCountry "ARM"]
[SourceTitle "CBM 138 Extra"]
[Source "ChessBase"]
[SourceDate "2010.10.29"]
[SourceVersion "1"]
[SourceVersionDate "2010.10.29"]
[SourceQuality "1"]

1. d4 d5 2. c4 c6 3. Nf3 Nf6 4. e3 e6 5. Bd3 Nbd7 6. 0-0 Bd6 7. Nbd2 0-0 8. e4 e5 9. cxd5 cxd5 10. exd5 exd4 11. Ne4 Nxe4 12. Bxe4 Nc5 13. Bb1 Bg4 14. h3 Bxf3 15. Qxf3 Re8 16. Rd1 Be5 17. a3 Qb6 18. Ba2 Bf6 19. Bc4 Rad8 20. Rb1 Nd7 21. Ba2 Ne5 22. Qg3 Ng6 23. Bg5 h6 24. Bxf6 Qxf6 25. Qg4 Nf4 26. g3 Nxd5 27. Qxd4 Re1+ 28. Kh2 Re5 29. Rbc1 Rd7 30. Bxd5 1/2-1/2

[Event "Alushta Summer 1st"]
[Site "Alushta"]
[Date "2010.05.??"]
[Round "1"]
[White "Gevorgyan, David"]
[Black "Ajrapetjan, Yuriy"]
[Result "0-1"]
[WhiteElo "2242"]
[BlackElo "2523"]
[PlyCount "126"]
[EventDate "2010.05.23"]
[EventType "tourn"]
[EventRounds "14"]
[EventCountry "UKR"]
[EventCategory "5"]
[SourceTitle "EXT 2013"]
[Source "ChessBase"]
[SourceDate "2012.11.22"]
[SourceVersion "1"]
[SourceVersionDate "2012.11.22"]
[SourceQuality "1"]

1. Nf3 Nf6 2. g3 d5 3. Bg2 c6 4. b3 Bg4 5. 0-0 e6 6. Bb2 Be7 7. d3 0-0 8. Nbd2 a5 9. a3 a4 10. b4 c5 11. c3 Nbd7 12. h3 Bh5 13. g4 Bg6 14. Nh4 Qc7 15. Nxg6 hxg6 16. Rc1 Qb6 17. d4 cxd4 18. cxd4 g5 19. e3 Qb5 20. Bf3 Nb6 21. Be2 Qd7 22. Bd3 Rfc8 23. Qe2 Ne8 24. Nf3 Nd6 25. Ne5 Qe8 26. Bb1 Bf6 27. f4 Nbc4 28. Rc3 Nb5 29. Rd3 Rc7 30. Bc1 Rac8 31. Nf3 Ncd6 32. Bb2 Ne4 33. fxg5 Bxg5 34. Rdd1 Nbc3 35. Bxc3 Rxc3 36. Rd3 Ng3 37. Qe1 Rxd3 38. Bxd3 Nxf1 39. Nxg5 Nxe3 40. Qxe3 Qc6 41. Kf2 Qc1 42. Qxc1 Rxc1 43. Bb5 Rc2+ 44. Kg1 Kf8 45. Bxa4 Ra2 46. Bb5 Rxa3 47. Be2 Ra4 48. b5 Rxd4 49. Kf2 Ke7 50. Nf3 Rb4 51. g5 Kd6 52. Ne1 e5 53. Nc2 Rb2 54. Ne3 g6 55. h4 e4 56. Ke1 Kc5 57. h5 gxh5 58. Bxh5 d4 59. Ng4 d3 60. Bxf7 Kd4 61. g6 e3 62. Kf1 e2+ 63. Kf2 Rb1 0-1

[Event "Alushta Summer 1st"]
[Site "Alushta"]
[Date "2010.05.??"]
[Round "13"]
[White "Iljin, Timofey"]
[Black "Ajrapetjan, Yuriy"]
[Result "1-0"]
[WhiteElo "2422"]
[BlackElo "2523"]
[PlyCount "117"]
[EventDate "2010.05.23"]
[EventType "tourn"]
[EventRounds "14"]
[EventCountry "UKR"]
[EventCategory "5"]
[SourceTitle "EXT 2013"]
[Source "ChessBase"]
[SourceDate "2012.11.22"]
[SourceVersion "1"]
[SourceVersionDate "2012.11.22"]
[SourceQuality "1"]

1. d4 Nf6 2. c4 e6 3. Nc3 Bb4 4. e3 0-0 5. Bd3 d5 6. a3 Bxc3+ 7. bxc3 dxc4 8. Bxc4 c5 9. Ne2 Qc7 10. Ba2 b6 11. 0-0 Ba6 12. Re1 Nc6 13. Ng3 Rad8 14. Bb2 Na5 15. e4 Bc4 16. Bxc4 Nxc4 17. Bc1 cxd4 18. cxd4 Qd7 19. e5 Ne8 20. Bg5 f6 21. exf6 Nxf6 22. Qe2 Qxd4 23. Rad1 Qe5 24. Rxd8 Rxd8 25. Qxe5 Nxe5 26. Rxe5 Rd1+ 27. Nf1 Kf7 28. Bxf6 gxf6 29. Re3 Rb1 30. g4 b5 31. Kg2 Rb2 32. Ng3 a5 33. Ne4 b4 34. axb4 Rxb4 35. h3 a4 36. Nc5 f5 37. gxf5 exf5 38. Ra3 Rb5 39. Nxa4 Ra5 40. Ra2 Kg6 41. Nc3 Rc5 42. Ne2 Rc4 43. Kg3 Rb4 44. Nf4+ Kg7 45. Ra7+ Kh6 46. Ra6+ Kg7 47. Ra5 Rb3+ 48. f3 Kf6 49. Ne2 Rb4 50. h4 Rc4 51. Nf4 Rd4 52. Ra6+ Kf7 53. Rh6 Kg8 54. Rf6 Rd8 55. Rxf5 h6 56. Kg4 Rd1 57. Kh5 Rf1 58. Ne6 Kh7 59. Rf6 1-0

[Event "Alushta Summer 1st"]
[Site "Alushta"]
[Date "2010.05.??"]
[Round "4"]
[White "Pirverdiyev, Agil"]
[Black "Ajrapetjan, Yuriy"]
[Result "1-0"]
[WhiteElo "2034"]
[BlackElo "2523"]
[PlyCount "127"]
[EventDate "2010.05.23"]
[EventType "tourn"]
[EventRounds "14"]
[EventCountry "UKR"]
[EventCategory "5"]
[SourceTitle "EXT 2013"]
[Source "ChessBase"]
[SourceDate "2012.11.22"]
[SourceVersion "1"]
[SourceVersionDate "2012.11.22"]
[SourceQuality "1"]

1. e4 g6 2. d4 Bg7 3. Nc3 c6 4. Nf3 d6 5. Be3 Nf6 6. Qd2 b5 7. Bd3 0-0 8. h3 Qc7 9. 0-0 Bb7 10. e5 b4 11. Ne2 Nd5 12. Bh6 dxe5 13. Nxe5 Nd7 14. Nxd7 Qxd7 15. Ng3 Rfe8 16. Bxg7 Kxg7 17. Ne4 a5 18. Nc5 Qc7 19. c4 Nf6 20. a3 Qb6 21. Qe3 Rad8 22. axb4 axb4 23. Qe5 Kg8 24. Ne6 c5 25. Nxd8 Rxd8 26. d5 Kg7 27. g4 h6 28. Be4 e6 29. Rad1 Re8 30. Qf4 g5 31. Qf3 h5 32. gxh5 Rh8 33. Qg2 Rxh5 34. Bf3 Rh6 35. d6 Bc8 36. Bc6 Nh5 37. f4 Ng3 38. fxg5 Rg6 39. h4 Nxf1 40. Rxf1 Qd8 41. Be4 Qxd6 42. h5 Qd4+ 43. Kh1 Bb7 44. Bxb7 Qh4+ 45. Qh2 Qxh2+ 46. Kxh2 Rxg5 47. Rg1 Kh6 48. Rxg5 Kxg5 49. Bf3 f5 50. Kg3 e5 51. Bd1 e4 52. Bc2 f4+ 53. Kf2 e3+ 54. Kf3 Kxh5 55. Bd3 Kg5 56. b3 e2 57. Kxe2 Kf6 58. Kf3 Ke5 59. Bc2 Kd4 60. Kxf4 Kc3 61. Bd1 Kd2 62. Bh5 Kc2 63. Ke4 Kxb3 64. Kd5 1-0

[Event "Moscow Aeroflot op-A 9th"]
[Site "Moscow"]
[Date "2010.02.16"]
[Round "8"]
[White "Ajrapetjan, Yuriy"]
[Black "Zhou, Weiqi"]
[Result "1/2-1/2"]
[WhiteElo "2525"]
[BlackElo "2600"]
[PlyCount "94"]
[EventDate "2010.02.09"]
[EventType "swiss"]
[EventRounds "9"]
[EventCountry "RUS"]
[SourceTitle "CBM 135"]
[Source "ChessBase"]
[SourceDate "2010.03.17"]
[SourceVersion "1"]
[SourceVersionDate "2010.03.17"]
[SourceQuality "1"]

1. d4 Nf6 2. c4 e6 3. Nf3 b6 4. g3 Ba6 5. Qc2 Bb4+ 6. Bd2 Be7 7. e4 d5 8. cxd5 Bxf1 9. Kxf1 exd5 10. e5 Ne4 11. Nc3 Nxd2+ 12. Qxd2 Qd7 13. Kg2 Nc6 14. Rac1 Nd8 15. e6 fxe6 16. Ne5 Qc8 17. Nb5 c5 18. Qf4 a6 19. Nc3 Qb7 20. Rhe1 c4 21. g4 Rf8 22. Qe3 Bf6 23. f4 Bxe5 24. Qxe5 Kf7 25. f5 exf5 26. Qxd5+ Qxd5+ 27. Nxd5 Ne6 28. gxf5 Nxd4 29. Rxc4 Nxf5 30. Nxb6 Rae8 31. Rxe8 Rxe8 32. Kf2 Re6 33. Nd5 Rh6 34. Rc7+ Ke6 35. Nf4+ Ke5 36. Nd3+ Ke4 37. Nc5+ Kd5 38. Kg1 Rg6+ 39. Kf2 Nh4 40. Nd3 Rg2+ 41. Ke3 Rxh2 42. Rc5+ Kd6 43. Ra5 Ng2+ 44. Kf3 Rh3+ 45. Kxg2 Rxd3 46. Rxa6+ Kc5 47. Ra7 Rd2+ 1/2-1/2

[Event "Moscow Aeroflot op-A 9th"]
[Site "Moscow"]
[Date "2010.02.12"]
[Round "4"]
[White "Ajrapetjan, Yuriy"]
[Black "Morovic Fernandez, Ivan"]
[Result "0-1"]
[WhiteElo "2525"]
[BlackElo "2561"]
[PlyCount "47"]
[EventDate "2010.02.09"]
[EventType "swiss"]
[EventRounds "9"]
[EventCountry "RUS"]
[SourceTitle "CBM 135"]
[Source "ChessBase"]
[SourceDate "2010.03.17"]
[SourceVersion "1"]
[SourceVersionDate "2010.03.17"]
[SourceQuality "1"]

1. d4 Nf6 2. c4 e6 3. Nf3 b6 4. g3 Bb7 5. Bg2 Bb4+ 6. Nbd2 c5 7. a3 Bxd2+ 8. Qxd2 cxd4 9. Qxd4 Nc6 10. Qf4 Na5 11. b4 Nb3 12. Rb1 Nxc1 13. Rxc1 0-0 14. 0-0 Qe7 15. Rfd1 Rac8 16. Nd4 Bxg2 17. Kxg2 a5 18. Qd2 axb4 19. axb4 Rfd8 20. Qb2 h6 21. Qb3 g6 22. Qa4 Ne4 23. Nb5 d5 24. cxd5 0-1

[Event "Moscow Aeroflot op-A 9th"]
[Site "Moscow"]
[Date "2010.02.10"]
[Round "2"]
[White "McShane, Luke J"]
[Black "Ajrapetjan, Yuriy"]
[Result "1-0"]
[WhiteElo "2616"]
[BlackElo "2525"]
[PlyCount "155"]
[EventDate "2010.02.09"]
[EventType "swiss"]
[EventRounds "9"]
[EventCountry "RUS"]
[SourceTitle "CBM 135"]
[Source "ChessBase"]
[SourceDate "2010.03.17"]
[SourceVersion "1"]
[SourceVersionDate "2010.03.17"]
[SourceQuality "1"]

1. e4 e5 2. Nf3 Nc6 3. Bb5 Nf6 4. 0-0 Nxe4 5. d4 Nd6 6. Bxc6 dxc6 7. dxe5 Nf5 8. Qxd8+ Kxd8 9. Nc3 Ke8 10. h3 b6 11. Ne4 c5 12. c3 h6 13. Re1 Be6 14. g4 Ne7 15. Ng3 Rd8 16. Nh4 Rd3 17. Ng2 Ng6 18. Kh2 Rf3 19. Nh5 Nxe5 20. Rxe5 Bd6 21. Bf4 Rxf4 22. Rxe6+ fxe6 23. Ngxf4 g6 24. Kg2 gxh5 25. Nxh5 Kf7 26. Rd1 a5 27. a4 Ke7 28. Ng3 Rf8 29. Ne4 Be5 30. b3 Rb8 31. Kf3 Bd6 32. Ke3 Rf8 33. f3 Bf4+ 34. Ke2 Rg8 35. h4 Rb8 36. Kd3 Rf8 37. Ke2 Rb8 38. Kd3 Rf8 39. Rf1 Rd8+ 40. Kc2 Rf8 41. Re1 Rd8 42. Re2 Rf8 43. Rf2 Be3 44. Rf1 Bf4 45. Kd3 Rd8+ 46. Ke2 Rb8 47. Ra1 Rd8 48. Ra2 Rb8 49. h5 Rd8 50. Nf2 Rf8 51. Nd3 Rf7 52. Ra1 Rf8 53. Rd1 Rf7 54. Kf2 Rf8 55. Ke2 Rf7 56. Rh1 Rf8 57. Ra1 Rf7 58. Ra2 Rf8 59. Kf2 Bg5 60. Ne5 Kd6 61. Ng6 Rf7 62. Re2 Bf6 63. Rd2+ Kc6 64. c4 Bc3 65. Rd8 Bf6 66. Ke2 Rg7 67. Rf8 Bc3 68. Kd3 Ba1 69. Ke4 Kb7 70. Ne5 Rg5 71. Nf7 Rg7 72. Nd8+ Ka7 73. Nxe6 Rd7 74. f4 Rd1 75. Nxc7 Re1+ 76. Kd5 Kb7 77. Nb5 Rd1+ 78. Ke4 1-0

[Event "UKR-chT final A 16th"]
[Site "Alushta"]
[Date "2009.05.28"]
[Round "3"]
[White "Ajrapetjan, Yuriy"]
[Black "Shkuro, Iuri"]
[Result "1/2-1/2"]
[WhiteElo "2531"]
[BlackElo "2546"]
[PlyCount "65"]
[EventDate "2009.05.26"]
[EventType "team-k.o."]
[EventRounds "3"]
[EventCountry "UKR"]
[SourceTitle "EXT 2019"]
[Source "ChessBase"]
[SourceDate "2018.10.10"]
[SourceVersion "1"]
[SourceVersionDate "2018.10.10"]
[SourceQuality "1"]
[WhiteTeam "Kiev Old Guard"]
[BlackTeam "Rivne Bisons"]
[WhiteTeamCountry "UKR"]
[BlackTeamCountry "UKR"]

1. d4 e6 2. c4 b6 3. Nf3 Bb7 4. g3 f5 5. Bg2 Bb4+ 6. Nc3 Bxc3+ 7. bxc3 Nf6 8. d5 Ne4 9. dxe6 0-0 10. Bf4 Qe7 11. 0-0 dxe6 12. Ng5 Nxc3 13. Qc2 Bxg2 14. Kxg2 h6 15. Nxe6 Qxe6 16. Qxc3 Nd7 17. Rad1 Rf7 18. Rd5 Qxe2 19. Re1 Qh5 20. Qd3 Nc5 21. Rd8+ Kh7 22. Qd4 Rxd8 23. Qxd8 Rd7 24. Qc8 Nd3 25. Qxd7 Nxe1+ 26. Kf1 Nf3 27. h4 Qg4 28. Qxc7 Nh2+ 29. Kg2 Qf3+ 30. Kxh2 Qxf2+ 31. Kh1 Qf1+ 32. Kh2 Qf2+ 33. Kh1 1/2-1/2

[Event "Dos Hermanas Internet f 10th"]
[Site "ICC INT"]
[Date "2009.03.20"]
[Round "1.2"]
[White "Ajrapetjan, Yuriy"]
[Black "Fier, Alexandr"]
[Result "1-0"]
[WhiteElo "2490"]
[BlackElo "2590"]
[PlyCount "123"]
[EventDate "2009.03.20"]
[EventType "k.o. (blitz)"]
[EventRounds "5"]
[EventCountry "USA"]
[SourceTitle "CBM 129 Extra"]
[Source "ChessBase"]
[SourceDate "2009.05.05"]
[SourceVersion "2"]
[SourceVersionDate "2009.05.20"]
[SourceQuality "1"]

1. d4 Nf6 2. c4 g6 3. Nf3 d5 4. Nc3 Bg7 5. Bg5 dxc4 6. e4 c5 7. Bxc4 cxd4 8. Qxd4 Qxd4 9. Nxd4 Nxe4 10. Nxe4 Bxd4 11. 0-0-0 Nc6 12. Rhe1 Be6 13. Bxe6 fxe6 14. Be3 0-0-0 15. Ng5 Bxe3+ 16. Rxe3 Rxd1+ 17. Kxd1 e5 18. f3 Rd8+ 19. Kc1 h5 20. h4 Rd4 21. g3 Kd7 22. a3 b5 23. Kc2 a5 24. Ne4 Ke6 25. Nc5+ Kd5 26. Nb3 Rc4+ 27. Kb1 a4 28. Nd2 Rd4 29. Kc2 b4 30. Ne4 b3+ 31. Kc3 Rc4+ 32. Kd3 Rd4+ 33. Kc3 Na7 34. Rd3 Nb5+ 35. Kd2 Kc4 36. Nf2 Nd6 37. Ke2 Kd5 38. Nd1 Kc4 39. Ne3+ Kc5 40. Rc3+ Kb5 41. Nd1 Nc4 42. Rd3 Kc5 43. Rc3 Kd6 44. Rd3 Kc5 45. Rc3 Kd5 46. Rd3 e4 47. Nc3+ Ke5 48. f4+ Kf5 49. Rxd4 Nxb2 50. Nxa4 Nd3 51. Rd5+ Kf6 52. Rxd3 exd3+ 53. Kxd3 Kf5 54. Nc5 b2 55. Kc2 Kg4 56. a4 Kxg3 57. a5 Kxh4 58. a6 Kg3 59. Nd3 h4 60. a7 h3 61. a8Q Kh2 62. Qf3 1-0

[Event "Dos Hermanas Internet f 10th"]
[Site "ICC INT"]
[Date "2009.03.20"]
[Round "2.6"]
[White "Andriasian, Zaven"]
[Black "Ajrapetjan, Yuriy"]
[Result "1/2-1/2"]
[WhiteElo "2564"]
[BlackElo "2490"]
[PlyCount "151"]
[EventDate "2009.03.20"]
[EventType "k.o. (blitz)"]
[EventRounds "5"]
[EventCountry "USA"]
[SourceTitle "CBM 129 Extra"]
[Source "ChessBase"]
[SourceDate "2009.05.05"]
[SourceVersion "2"]
[SourceVersionDate "2009.05.20"]
[SourceQuality "1"]

1. Nf3 Nf6 2. g3 g6 3. Bg2 Bg7 4. 0-0 0-0 5. d4 d6 6. c4 Nc6 7. Nc3 a6 8. h3 e5 9. dxe5 dxe5 10. Be3 Be6 11. Qa4 Nd7 12. Rfd1 Qc8 13. Ng5 Nd4 14. Bxd4 exd4 15. Nxe6 fxe6 16. Ne4 Ne5 17. Qc2 Nc6 18. a3 a5 19. c5 Kh8 20. Qc4 Qe8 21. Qb5 Rb8 22. Rac1 Qf7 23. b4 axb4 24. axb4 Ne5 25. f4 Nc6 26. Qc4 h6 27. b5 Ne7 28. b6 cxb6 29. Nd6 Qf6 30. cxb6 e5 31. Ne4 Qxb6 32. Rb1 Qc6 33. Qxc6 bxc6 34. Nc5 exf4 35. Ne6 Rxb1 36. Rxb1 Rf6 37. Rb8+ Kh7 38. Nxf4 Rd6 39. Nd3 Nf5 40. g4 Ne3 41. Rb7 Nxg2 42. Kxg2 Kg8 43. Kf3 Re6 44. Rc7 Re3+ 45. Kf2 Rxh3 46. Rxc6 Rh2+ 47. Kf3 Rh3+ 48. Kf2 Re3 49. Rxg6 Kh7 50. Rd6 Re4 51. Kf3 Re3+ 52. Kf2 Bf8 53. Rd7+ Kg6 54. Nf4+ Kg5 55. Nd5 Re5 56. Nc7 Bc5 57. Kf1 Bb6 58. Nd5 Bc5 59. Nc7 Kxg4 60. Rd5 Rxd5 61. Nxd5 h5 62. Nf6+ Kh4 63. Kg2 Be7 64. Nd5 Bf8 65. Nf4 Kg4 66. Ne6 Bd6 67. Nxd4 h4 68. Nf3 h3+ 69. Kh1 Kg3 70. Ne1 Bf4 71. Nd3 Be3 72. Ne5 Kf2 73. Ng4+ Kxe2 74. Nxe3 Kxe3 75. Kh2 Kf4 76. Kxh3 1/2-1/2

[Event "Moscow Aeroflot op-A"]
[Site "Moscow"]
[Date "2009.02.22"]
[Round "6"]
[White "Ajrapetjan, Yuriy"]
[Black "Shomoev, Anton"]
[Result "1-0"]
[WhiteElo "2490"]
[BlackElo "2567"]
[PlyCount "115"]
[EventDate "2009.02.17"]
[EventType "swiss"]
[EventRounds "9"]
[EventCountry "RUS"]
[SourceTitle "CBM 129"]
[Source "ChessBase"]
[SourceDate "2009.03.25"]
[SourceVersion "1"]
[SourceVersionDate "2009.03.25"]
[SourceQuality "1"]

1. d4 Nf6 2. c4 g6 3. Nc3 Bg7 4. Nf3 0-0 5. e4 d6 6. Be2 e5 7. Be3 Ng4 8. Bg5 f6 9. Bh4 g5 10. Bg3 Nh6 11. dxe5 dxe5 12. Qd5+ Kh8 13. Qxd8 Rxd8 14. h4 g4 15. Nd2 c5 16. 0-0-0 b6 17. Nb3 Bd7 18. h5 Nc6 19. Nd5 Nd4 20. Nxd4 cxd4 21. f4 gxf3 22. gxf3 Rf8 23. Bh4 Bc6 24. Rhg1 Bxd5 25. cxd5 Ng8 26. Kb1 Bh6 27. Bg3 Be3 28. Rgf1 Rf7 29. f4 Rg7 30. Rf3 Rxg3 31. Rxg3 exf4 32. Rxe3 dxe3 33. Rf1 Nh6 34. Rxf4 Kg7 35. Kc2 Rc8+ 36. Kd3 Nf7 37. Rg4+ Kf8 38. Rg2 Re8 39. Rg3 Nd6 40. Rxe3 Re5 41. Bf3 h6 42. Re2 Re8 43. Rg2 Ke7 44. Rg7+ Nf7 45. e5 Kf8 46. exf6 Ne5+ 47. Ke4 Nxf3+ 48. Kxf3 Re5 49. d6 Rf5+ 50. Ke4 Rxf6 51. d7 Rd6 52. Rh7 a5 53. a4 Rd1 54. Ke5 Rd2 55. Ke6 Re2+ 56. Kd6 Rd2+ 57. Kc7 Rc2+ 58. Kb7 1-0